00657nam a2200205Ia 4500008004100000020001600041100002000057245004600077245004200123245006100165260001500226260002000241260000900261300001600270300002700286300001100313440003100324500008800355700000800443160803s9999 xx 000 0 und d a0 590137662 aRylant, Cynthia aHenry and Mudge and the bedtime thumps :  bthe ninth book of their adventures /  cstory by Cynthia Rylant ; pictures by Suçie Stevenson. aNew York : bScholastic Inc. c1991 a40 pages :  bcolor illustrations ;  c22 cm. aThe Henry and Mudge books. aOriginally published: New York : Simon and Schuster Books for Young Readers, c1991. a540